فنکا ر ا ن بہا ر (خصہ د و م ) (Record no. 166697)

MARC details
000 -LEADER
fixed length control field 00645nam a22001937a 4500
005 - DATE AND TIME OF LATEST TRANSACTION
control field 20190805145548.0
010 ## - LCCN (DPL NO)
LC control number UR-10342
020 ## - INTERNATIONAL STANDARD BOOK NUMBER
Terms of availability 250.00
International Standard Book Number 9789388356305
035 ## - SYSTEM CONTROL NUMBER
System control number U-8897
037 ## - SOURCE OF ACQUISITION
Source of stock number/acquisition DBAD/PUB
082 ## - DEWEY DECIMAL CLASSIFICATION NUMBER
Classification number 840.08
100 ## - MAIN ENTRY--PERSONAL NAME
Personal name ظفر حبيب
245 ## - TITLE STATEMENT
Title فنکا ر ا ن بہا ر (خصہ د و م )
Statement of responsibility, etc ظفر حبيب
246 ## - VARYING FORM OF TITLE
Remainder of title Fankaran-e-Bihar(Vol.2) (Urdu)
Title proper/short title by Zafar Habeeb
260 ## - PUBLICATION, DISTRIBUTION, ETC. (IMPRINT)
Place of publication, distribution, etc Delhi
Name of publisher, distributor, etc Educational Publishing House
Date of publication, distribution, etc 2018 ء
270 ## - ADDRESS
Address 3191,Vakil Sreet Kucha Pandit Lal Kuan
City Delhi
Postal code 110006
Telephone number 23216162
Fax number -
300 ## - PHYSICAL DESCRIPTION
Extent 200 ص
Dimensions 22 Cm(Hb)
942 ## - ADDED ENTRY ELEMENTS (KOHA)
Source of classification or shelving scheme Dewey Decimal Classification
Item type Urdu Bks
Classification part 840.08
Call number suffix ظ ف ر
Holdings
Withdrawn status Lost status Not for loan Collection code Home library Current library Date acquired Source of acquisition Cost, normal purchase price Full call number Barcode Copy number Cost, replacement price Koha item type
    Not For Loan Non-fiction D.B.Act.Division D.B.Act.Division 05/08/2019 DBAD/PUB 250.00 840.08 ظ ف ر U-8897 1 250.00 Urdu Bks

© Delhi Public Library
Hit Counter
free hit counter